000 00429cam a2200181ua 4500
020 _cRs 0.37
041 _ahin
_h
082 _a891.54
_bVAS/MA
100 _aVasudev, .
245 _aMaharani Lakshmi Bai /
_cVasudev.
_hTextual Documents
250 _a1 /
_b.
260 _aVaranasi :
_bHindi Prachar Pusthakalayam.
300 _a47 ; .
365 _aRs 0.37
504 _a
942 _cBK
999 _c3623
_d3623